10 Highest Elevated Cities - Statistics

General Stats
  • This quiz has been taken 18 times
  • The average score is 6 of 10
Answer Stats
Elevation City Country % Correct
2,500 m Addis Ababa Ethiopia
100%
2,620 m Bogotá Colombia
100%
2,850 m Quito Ecuador
100%
2,240 m Mexico City Mexico
94%
2,350 m Sana'a Yemen
94%
4,150 m El Alto Bolivia
33%
2,275 m Xining China
17%
2,250 m Ecatepec de Morelos Mexico
11%
2,220 m Nezahualcóyotl Mexico
11%
2,270 m Abha Saudi Arabia
6%
No matching quizzes found
Score Distribution
Percent of People with Each Score
Percentile by Number Answered
Your Score History
You have not taken this quiz